[Event "ODEM U25A 2012"]
[Site "Oberhof GER"]
[Date "2012.06.01"]
[Round "8"]
[White "Holle, Cedric"]
[Black "Münch, Robert"]
[Result "1-0"]
[Termination "normal"]
[Board "4"]
[WhiteElo "1840"]
[BlackElo "1953"]
[PlyCount "95"]
[WhiteFideId "24692158"]
[BlackFideId "4626028"]
[EventCountry "GER"]
[EventRounds "9"]
[EventType "swiss"]
[EventDate "2012.05.26"]

1. e4 c5 2. Nf3 d6 3. d4 cxd4 4. Nxd4 Nf6 5. Nc3 g6 6. Be3 Bg7 7. f3 Nc6 8. Qd2
Bd7 9. O-O-O Rc8 10. g4 h5 11. g5 Nh7 12. Nxc6 Rxc6 13. Bd4 e5 14. Be3 O-O 15.
Nd5 Be6 16. Nb4 Rc7 17. Bxa7 Qxg5 18. Be3 Qf6 19. Be2 Ra8 20. Kb1 Rcc8 21. Nd5
Qd8 22. a3 Bxd5 23. Qxd5 Bf8 24. Rhg1 Qc7 25. Qb3 Kh8 26. Rd5 Nf6 27. Rb5 Rcb8
28. Bc4 d5 29. Bxd5 Nxd5 30. Qxd5 Rc8 31. Qxe5+ Qxe5 32. Rxe5 Rd8 33. Rb5 Rd7
34. Rd5 Rad8 35. Rgd1 Rxd5 36. Rxd5 Rxd5 37. exd5 Bd6 38. h3 Kg7 39. c4 Kf6 40.
Kc2 Ke5 41. Kd3 Be7 42. f4+ Kd6 43. Ke4 f5+ 44. Kd3 b5 45. b3 bxc4+ 46. bxc4 g5
47. fxg5 h4 48. Kd4 1-0

[Event "ODEM U25A 2012"]
[Site "Oberhof GER"]
[Date "2012.06.01"]
[Round "8"]
[White "Linnemann, Niklas"]
[Black "Grötzbach, Daniel"]
[Result "0-1"]
[Termination "normal"]
[Board "5"]
[WhiteElo "1932"]
[BlackElo "1896"]
[PlyCount "57"]
[WhiteFideId "24695645"]
[BlackFideId "24692166"]
[EventCountry "GER"]
[EventRounds "9"]
[EventType "swiss"]
[EventDate "2012.05.26"]

1. e4 c5 2. Nf3 d6 3. d4 cxd4 4. Nxd4 Nf6 5. Nc3 a6 6. Bg5 e6 7. f4 h6 8. Bh4
Qb6 9. Rb1 Be7 10. Bf2 Qc7 11. Be2 b5 12. Bf3 Bb7 13. a3 Nbd7 14. O-O O-O 15.
Kh1 Nb6 16. f5 e5 17. Nde2 Rac8 18. g4 Rfd8 19. h4 d5 20. Bxb6 Qxb6 21. exd5
Rc4 22. b3 Rxg4 23. Bxg4 Nxg4 24. Qe1 Rxd5 25. Ne4 Rd2 26. Kg2 Bxe4+ 27. Kh3
Qe3+ 28. Ng3 Bg2+ 29. Kxg4 0-1

[Event "ODEM U25A 2012"]
[Site "Oberhof GER"]
[Date "2012.06.01"]
[Round "8"]
[White "Feldheim, Jonas"]
[Black "Diller, Daniel"]
[Result "1/2-1/2"]
[Termination "normal"]
[Board "6"]
[WhiteElo "2005"]
[BlackElo "1809"]
[PlyCount "63"]
[WhiteFideId "24697583"]
[BlackFideId "12908983"]
[EventCountry "GER"]
[EventRounds "9"]
[EventType "swiss"]
[EventDate "2012.05.26"]

1. e4 e6 2. d4 d5 3. e5 c5 4. c3 Nc6 5. Nf3 Qb6 6. Bd3 cxd4 7. cxd4 Bd7 8. O-O
Nxd4 9. Nbd2 Bc5 10. Nxd4 Bxd4 11. Nf3 Ne7 12. Rb1 Nc6 13. Bf4 a5 14. a3 Bc5
15. Ng5 h6 16. Qh5 Nd8 17. b4 axb4 18. axb4 Bd4 19. Kh1 Ra3 20. Bg6 fxg6 21.
Qxg6+ Kf8 22. Nh7+ Rxh7 23. Qxh7 Nf7 24. Be3 Bb5 25. Rfc1 Bc4 26. Qg6 Nxe5 27.
Bxd4 Qxd4 28. Qxe6 Ng4 29. Qf5+ Kg8 30. h3 Nxf2+ 31. Kh2 Qf6 32. Qc8+ 1/2-1/2

[Event "ODEM U25A 2012"]
[Site "Oberhof GER"]
[Date "2012.06.01"]
[Round "8"]
[White "Höpfner, Tim"]
[Black "Baier, Christoph"]
[Result "1/2-1/2"]
[Termination "normal"]
[Board "7"]
[WhiteElo "1942"]
[BlackElo "1927"]
[PlyCount "67"]
[WhiteFideId "4638310"]
[BlackFideId "24655759"]
[EventCountry "GER"]
[EventRounds "9"]
[EventType "swiss"]
[EventDate "2012.05.26"]

1. d4 Nf6 2. c4 g6 3. Nc3 Bg7 4. e4 d6 5. f3 O-O 6. Be3 Nbd7 7. Nh3 c6 8. Nf2
e5 9. d5 c5 10. a3 a6 11. Be2 Rb8 12. g4 Ne8 13. h4 h6 14. Qd2 Kh7 15. h5 g5
16. O-O f6 17. Rfb1 Rf7 18. b4 Bf8 19. Nd3 Qc7 20. Ra2 Nb6 21. Nc1 Na8 22. Rab2
Qd8 23. bxc5 dxc5 24. Nd3 Qa5 25. Nc1 Qc7 26. Nb3 Bd7 27. Bf1 Rc8 28. Qf2 b6
29. Nc1 Nd6 30. Qc2 Be7 31. N1a2 Bd8 32. Na4 Qa7 33. N4c3 Be8 34. Kg2 1/2-1/2

[Event "ODEM U25A 2012"]
[Site "Oberhof GER"]
[Date "2012.06.01"]
[Round "8"]
[White "Carow, Annelen"]
[Black "Peters, Tom"]
[Result "1-0"]
[Termination "normal"]
[Board "8"]
[WhiteElo "1957"]
[BlackElo "1786"]
[PlyCount "73"]
[WhiteFideId "24692492"]
[BlackFideId "24694444"]
[EventCountry "GER"]
[EventRounds "9"]
[EventType "swiss"]
[EventDate "2012.05.26"]

1. d4 Nf6 2. c4 e6 3. Nc3 Bb4 4. Qc2 O-O 5. a3 Bxc3+ 6. Qxc3 Ne4 7. Qc2 f5 8.
e3 b6 9. Ne2 Bb7 10. f3 Qh4+ 11. g3 Qh6 12. Bg2 Nf6 13. O-O d6 14. e4 Qh5 15.
Nf4 Qf7 16. exf5 exf5 17. b3 d5 18. Bb2 Nc6 19. Rac1 Na5 20. Bh3 g6 21. Nd3
dxc4 22. bxc4 Nxc4 23. Qxc4 Qxc4 24. Rxc4 Ba6 25. Rxc7 Bxd3 26. Rd1 Be2 27. Re1
Nd5 28. Rd7 Bxf3 29. Bf1 Rfd8 30. Bb5 Be4 31. Rc1 Rac8 32. Rc6 f4 33. gxf4 Nxf4
34. Bc4+ Bd5 35. Rxd5 Rxc6 36. Rxd8+ Kg7 37. d5+ 1-0

[Event "ODEM U25A 2012"]
[Site "Oberhof GER"]
[Date "2012.06.01"]
[Round "8"]
[White "Kast, Joannis"]
[Black "Adelhütte, Dennis"]
[Result "0-1"]
[Termination "normal"]
[Board "9"]
[WhiteElo "1758"]
[BlackElo "1982"]
[PlyCount "136"]
[WhiteFideId "24698776"]
[BlackFideId "4661265"]
[EventCountry "GER"]
[EventRounds "9"]
[EventType "swiss"]
[EventDate "2012.05.26"]

1. d4 d5 2. Nf3 Nf6 3. e3 e6 4. Bd3 Bd6 5. Nbd2 c6 6. c3 Nbd7 7. O-O e5 8. dxe5
Bxe5 9. e4 O-O 10. Re1 Qc7 11. h3 Re8 12. Qc2 Nc5 13. exd5 Nxd3 14. Qxd3 cxd5
15. Rxe5 Rxe5 16. Nxe5 Qxe5 17. Nf3 Qe4 18. Qd4 Bxh3 19. Qxe4 dxe4 20. Nd4 Bd7
21. Bf4 Nd5 22. Bd2 f5 23. g3 h6 24. Rd1 Nf6 25. Bc1 g5 26. Ne2 Kf7 27. b3 Rc8
28. Bb2 Be6 29. Kf1 Rc7 30. Nd4 Rd7 31. Ke2 a6 32. c4 Re7 33. Nc2 f4 34. Rd2
Nh5 35. gxf4 gxf4 36. Nd4 Bg4+ 37. Ke1 f3 38. c5 Nf4 39. b4 Nd3+ 40. Kf1 Nxb4
41. Ba3 Nc6 42. Nxc6 bxc6 43. Rd6 Rd7 44. Rxd7+ Bxd7 45. Kg1 Be6 46. Bc1 h5 47.
a3 Bg4 48. Kh2 Ke6 49. Kg3 Kd5 50. Be3 Bf5 51. Kh4 Bg6 52. Kg5 Bf7 53. Kf5 Be8
54. Kf4 Bf7 55. Kf5 Be6+ 56. Kg5 Bg4 57. Kf4 Be6 58. Kg5 Bf7 59. Kf5 Be8 60.
Kf4 Bd7 61. Kg5 Kc4 62. Kxh5 Kb3 63. Bc1 e3 64. Bxe3 Kxa3 65. Kg5 Be6 66. Kf4
Bd5 67. Ke5 Kb3 68. Kd4 Kc2 0-1

[Event "ODEM U25A 2012"]
[Site "Oberhof GER"]
[Date "2012.06.01"]
[Round "8"]
[White "Giraud, Valerian"]
[Black "Usczeck, Lukas"]
[Result "0-1"]
[Termination "normal"]
[Board "10"]
[WhiteElo "1914"]
[BlackElo "1766"]
[PlyCount "82"]
[WhiteFideId "12920355"]
[BlackFideId "12937827"]
[EventCountry "GER"]
[EventRounds "9"]
[EventType "swiss"]
[EventDate "2012.05.26"]

1. d4 Nf6 2. Nf3 e6 3. g3 d6 4. Bg2 Be7 5. O-O O-O 6. c4 Nbd7 7. Nc3 e5 8. b3
c6 9. Qc2 Qc7 10. Bb2 exd4 11. Nxd4 Re8 12. Rfd1 Ne5 13. Rac1 Bf8 14. h3 Bd7
15. f4 Ng6 16. e4 Rad8 17. Kh2 Bc8 18. Qf2 h5 19. Qf3 Qa5 20. Rd2 h4 21. g4 d5
22. e5 dxc4 23. bxc4 Nxe5 24. fxe5 Qxe5+ 25. Kh1 Rxd4 26. Ne4 Nxe4 27. Rxd4
Ng3+ 28. Kg1 Bc5 29. Rcd1 Bxd4+ 30. Bxd4 Ne2+ 31. Kh1 Nxd4 32. Qf2 Ne6 33. Qxh4
Qg5 34. Qf2 Nc5 35. h4 Qe7 36. Bf3 Ne6 37. g5 Qc5 38. Qe2 b5 39. cxb5 Qxb5 40.
Qf2 a5 41. Rf1 Ba6 0-1

[Event "ODEM U25A 2012"]
[Site "Oberhof GER"]
[Date "2012.06.01"]
[Round "8"]
[White "Lansky, Georg"]
[Black "Hoffmann, Tim"]
[Result "1/2-1/2"]
[Termination "normal"]
[Board "11"]
[WhiteElo "1792"]
[BlackElo "1945"]
[PlyCount "63"]
[WhiteFideId "1270625"]
[BlackFideId "12900338"]
[EventCountry "GER"]
[EventRounds "9"]
[EventType "swiss"]
[EventDate "2012.05.26"]

1. e4 c5 2. Nf3 e6 3. d4 cxd4 4. Nxd4 a6 5. Nc3 Qc7 6. Be2 Bb4 7. Bd2 Nf6 8. f3
Nc6 9. Nb3 O-O 10. a3 Be7 11. Be3 b5 12. O-O Rd8 13. f4 d6 14. Bf3 Bb7 15. Kh1
d5 16. exd5 Na7 17. Qe2 Nxd5 18. Nxd5 Bxd5 19. Bxd5 Rxd5 20. Bd4 Nc6 21. Bc3
Qd7 22. Qg4 Bf8 23. Rad1 Rd8 24. Rxd5 Qxd5 25. h3 Ne7 26. Rf2 Qd1+ 27. Qxd1
Rxd1+ 28. Kh2 Nd5 29. Be5 Ne3 30. g3 Nc4 31. Bc3 Ne3 32. Bd4 1/2-1/2

[Event "ODEM U25A 2012"]
[Site "Oberhof GER"]
[Date "2012.06.01"]
[Round "8"]
[White "Humburg, Philipp"]
[Black "Mann, Johannes"]
[Result "1/2-1/2"]
[Termination "normal"]
[Board "12"]
[WhiteElo "1840"]
[BlackElo "1859"]
[PlyCount "148"]
[WhiteFideId "24656151"]
[BlackFideId "24691380"]
[EventCountry "GER"]
[EventRounds "9"]
[EventType "swiss"]
[EventDate "2012.05.26"]

1. e4 d6 2. d4 Nf6 3. Nc3 g6 4. f4 Bg7 5. Nf3 c5 6. dxc5 Qa5 7. Bd3 Qxc5 8. Qe2
O-O 9. Be3 Qa5 10. O-O Bg4 11. h3 Bxf3 12. Qxf3 Nc6 13. g4 Rac8 14. Rad1 a6 15.
a3 e6 16. Qf2 Nd7 17. g5 h5 18. gxh6 Bxh6 19. f5 Bxe3 20. Qxe3 Nce5 21. Qh6 Nf6
22. Rf2 Qb6 23. Na4 Qd4 24. Rdf1 Nfg4 25. hxg4 Nxg4 26. Qh4 Nxf2 27. Rxf2 exf5
28. Nc3 Kg7 29. Qg3 fxe4 30. Nxe4 Qe5 31. Kg2 Qxg3+ 32. Kxg3 Rcd8 33. Rd2 Rfe8
34. c3 Re5 35. Bc2 d5 36. Nf2 Rde8 37. Bd1 Rg5+ 38. Kf3 Rf5+ 39. Kg2 Re3 40.
Ng4 Re4 41. Nh2 Rg5+ 42. Kf2 Rf4+ 43. Bf3 Kf6 44. Nf1 Rgf5 45. Rd3 g5 46. Kg3
g4 47. Bxg4 Rxf1 48. Bxf5 Rxf5 49. Rd4 Ke5 50. Rb4 b5 51. a4 bxa4 52. Rxa4 Rf6
53. Rb4 Rc6 54. Kf3 a5 55. Rb5 a4 56. Ra5 Rc4 57. Ra7 f6 58. Ke3 Rh4 59. Re7+
Kd6 60. Ra7 Rh2 61. Rxa4 Rxb2 62. c4 dxc4 63. Rxc4 Kd5 64. Rc3 Ke5 65. Rc5+ Ke6
66. Rc6+ Kf5 67. Rc4 Rb3+ 68. Kf2 Kg5 69. Rd4 f5 70. Rc4 f4 71. Rc8 Rb2+ 72.
Kf3 Rb3+ 73. Kf2 Kg4 74. Rg8+ Kf5 1/2-1/2

[Event "ODEM U25A 2012"]
[Site "Oberhof GER"]
[Date "2012.06.01"]
[Round "8"]
[White "Tobianski, Fabian"]
[Black "Berger, Manuel"]
[Result "1/2-1/2"]
[Termination "normal"]
[Board "13"]
[WhiteElo "1628"]
[BlackElo "1888"]
[PlyCount "55"]
[WhiteFideId "12952001"]
[BlackFideId "24692506"]
[EventCountry "GER"]
[EventRounds "9"]
[EventType "swiss"]
[EventDate "2012.05.26"]

1. c4 e5 2. g3 Nc6 3. Bg2 f5 4. d3 Nf6 5. Nc3 d6 6. e3 Be7 7. Nge2 O-O 8. Rb1
Be6 9. O-O d5 10. cxd5 Nxd5 11. Qb3 Na5 12. Qa4 c6 13. Nxd5 cxd5 14. Bd2 Nc6
15. Qb5 Qd7 16. Nc3 a6 17. Qa4 b5 18. Qd1 Rac8 19. a3 Rf6 20. Qe2 Bc5 21. Na2
d4 22. Nb4 Nxb4 23. Bxb4 Bxb4 24. axb4 Bb3 25. Rfc1 Rxc1+ 26. Rxc1 Bd5 27.
Bxd5+ Qxd5 28. Rc5 1/2-1/2

[Event "ODEM U25A 2012"]
[Site "Oberhof GER"]
[Date "2012.06.01"]
[Round "8"]
[White "Valet, Alexander"]
[Black "Hollatz, Michael"]
[Result "1-0"]
[Termination "normal"]
[Board "14"]
[WhiteElo "1910"]
[BlackElo "1653"]
[PlyCount "107"]
[WhiteFideId "24682560"]
[BlackFideId "4622820"]
[EventCountry "GER"]
[EventRounds "9"]
[EventType "swiss"]
[EventDate "2012.05.26"]

1. c4 e5 2. g3 Nc6 3. Bg2 h5 4. d3 h4 5. Nf3 h3 6. Bf1 d6 7. Nc3 Bg4 8. e3 f5
9. Be2 g5 10. Nd5 Be7 11. a3 Nh6 12. Bd2 Qd7 13. Bc3 Rg8 14. Ng1 Bxe2 15. Qxe2
g4 16. b4 Rg6 17. d4 Nf7 18. O-O-O exd4 19. exd4 O-O-O 20. b5 Bg5+ 21. Kb1 Nb8
22. Re1 c6 23. Nb4 Rf8 24. f4 Bf6 25. Qd3 Nd8 26. Ne2 Bg7 27. Nc1 Re6 28. Rxe6
Nxe6 29. Nb3 Nc7 30. a4 Qf7 31. Kc2 a5 32. Nxa5 c5 33. dxc5 dxc5 34. Nd5 Nxd5
35. Qxd5 Qxd5 36. cxd5 Bxc3 37. Kxc3 Rd8 38. Rd1 Re8 39. d6 Nd7 40. Nc4 Re4 41.
Rd5 Re2 42. Rd2 Re1 43. a5 Nf6 44. Kb2 Rg1 45. a6 bxa6 46. bxa6 Nd7 47. Ne5 Rg2
48. Rc2 Rxc2+ 49. Kxc2 Nb6 50. Kc3 Nd5+ 51. Kc4 Nxf4 52. gxf4 g3 53. Nf3 gxh2
54. Nxh2 1-0

[Event "ODEM U25A 2012"]
[Site "Oberhof GER"]
[Date "2012.06.01"]
[Round "8"]
[White "Pererva, Viktor"]
[Black "Scheinhütte, Jakob"]
[Result "1-0"]
[Termination "normal"]
[Board "15"]
[WhiteElo "1967"]
[BlackElo "1661"]
[PlyCount "43"]
[WhiteFideId "24696463"]
[BlackFideId "24693944"]
[EventCountry "GER"]
[EventRounds "9"]
[EventType "swiss"]
[EventDate "2012.05.26"]

1. e4 e6 2. Nf3 d5 3. Nc3 Nf6 4. e5 Nfd7 5. d4 c5 6. dxc5 Bxc5 7. Bd3 Nc6 8.
Bf4 O-O 9. Bxh7+ Kxh7 10. Ng5+ Kg6 11. Qd3+ f5 12. Qg3 Qc7 13. Nxe6+ Kf7 14.
Nxf8 Kxf8 15. Nxd5 Qd8 16. O-O-O Nd4 17. Rhe1 Nb6 18. Nf6 Na4 19. Bh6 Qc7 20.
Nh7+ Kg8 21. Qg6 Bb6 22. Nf6+ 1-0

[Event "ODEM U25A 2012"]
[Site "Oberhof GER"]
[Date "2012.06.01"]
[Round "8"]
[White "Torzinski, Nils"]
[Black "Salz, Matthias"]
[Result "1-0"]
[Termination "normal"]
[Board "16"]
[WhiteElo "1778"]
[BlackElo "1577"]
[PlyCount "41"]
[WhiteFideId "24695840"]
[BlackFideId "12943312"]
[EventCountry "GER"]
[EventRounds "9"]
[EventType "swiss"]
[EventDate "2012.05.26"]

1. e4 c5 2. Nc3 Nc6 3. f4 g6 4. Nf3 Bg7 5. Bc4 e6 6. O-O Nge7 7. Qe1 O-O 8. d3
d5 9. Bb3 a6 10. a4 Rb8 11. f5 d4 12. Ne2 exf5 13. Qh4 b5 14. Ng3 Bd7 15. Bh6
Rc8 16. Ng5 bxa4 17. Bxg7 Kxg7 18. Qxh7+ Kf6 19. Nxf7 Qc7 20. Qh4+ Kg7 21. Qh6+
1-0

[Event "ODEM U25A 2012"]
[Site "Oberhof GER"]
[Date "2012.06.01"]
[Round "8"]
[White "Theurich, Joel"]
[Black "Gubela, Hans-Erich Constantin"]
[Result "1/2-1/2"]
[Termination "normal"]
[Board "17"]
[WhiteElo "1792"]
[BlackElo "1740"]
[PlyCount "50"]
[WhiteFideId "12930393"]
[BlackFideId "24692140"]
[EventCountry "GER"]
[EventRounds "9"]
[EventType "swiss"]
[EventDate "2012.05.26"]

1. e4 e5 2. Nf3 Nc6 3. Bc4 Bc5 4. d3 Nf6 5. c3 a6 6. Nbd2 d6 7. Bb3 O-O 8. Nf1
h6 9. h3 Be6 10. Ng3 Bb6 11. O-O d5 12. Re1 dxe4 13. dxe4 Qxd1 14. Rxd1 Bxb3
15. axb3 Rad8 16. Rxd8 Rxd8 17. Kf1 Nd7 18. b4 Nf6 19. Ke2 Kf8 20. Be3 Bxe3 21.
Kxe3 g6 22. Nd2 Ke7 23. Nb3 Nd7 24. Rd1 Ke6 25. Ne2 f5 1/2-1/2

[Event "ODEM U25A 2012"]
[Site "Oberhof GER"]
[Date "2012.06.01"]
[Round "8"]
[White "Peters, Florian"]
[Black "Reimers, Juri"]
[Result "0-1"]
[Termination "normal"]
[Board "18"]
[WhiteElo "1537"]
[BlackElo "1729"]
[PlyCount "78"]
[WhiteFideId "12952028"]
[BlackFideId "24661511"]
[EventCountry "GER"]
[EventRounds "9"]
[EventType "swiss"]
[EventDate "2012.05.26"]

1. d4 g6 2. e4 Bg7 3. Be3 c5 4. c3 cxd4 5. cxd4 d5 6. e5 Nc6 7. f4 Nh6 8. Nf3
Bg4 9. h3 Bxf3 10. Qxf3 Nf5 11. Bb5 e6 12. Nd2 Rc8 13. O-O O-O 14. Nb3 Nb4 15.
Bf2 Qb6 16. Bd3 Nxd3 17. Qxd3 Bh6 18. Qd2 Rc7 19. Rac1 Rfc8 20. Rxc7 Qxc7 21.
Rc1 Qd8 22. Be3 Rxc1+ 23. Qxc1 Nxe3 24. Qxe3 Qh4 25. g4 b6 26. g5 Bf8 27. Kg2
h6 28. Qg3 hxg5 29. fxg5 Qe4+ 30. Qf3 Qb1 31. Qf2 Qxa2 32. Nc1 Qb1 33. Qd2 Qe4+
34. Kh2 Be7 35. Nd3 Qxd4 36. Qc2 Bc5 37. Nxc5 bxc5 38. Kg3 Qxe5+ 39. Kf2 Qh2+
0-1

[Event "ODEM U25A 2012"]
[Site "Oberhof GER"]
[Date "2012.06.01"]
[Round "8"]
[White "Bieg, Pascal"]
[Black "Celmer, Ole"]
[Result "0-1"]
[Termination "normal"]
[Board "19"]
[WhiteElo "1776"]
[BlackElo "1834"]
[PlyCount "98"]
[WhiteFideId "12915645"]
[BlackFideId "24657107"]
[EventCountry "GER"]
[EventRounds "9"]
[EventType "swiss"]
[EventDate "2012.05.26"]

1. d4 Nf6 2. c4 e6 3. Nf3 b6 4. a3 Bb7 5. Nc3 Be7 6. Qc2 O-O 7. e4 d5 8. cxd5
exd5 9. e5 Ne4 10. Nd2 Nxc3 11. bxc3 c5 12. Bd3 h6 13. Nf3 Nc6 14. Be3 Bc8 15.
Qd2 f5 16. h4 Qe8 17. h5 Qf7 18. Bb1 f4 19. Bg6 Qe6 20. Bxf4 Na5 21. Bc2 Nc4
22. Qc1 Qg4 23. Bg3 Rxf3 24. gxf3 Qxf3 25. Rh2 Qxc3+ 26. Kf1 Nd2+ 27. Kg2 Qxd4
28. Qe1 Qc3 29. Rc1 Qf3+ 30. Kg1 Bg5 31. Rd1 Qc3 32. Rxd2 Bxd2 33. Qd1 Be6 34.
f4 Be3+ 35. Kh1 d4 36. Be4 Rf8 37. Qb1 Bxf4 38. Bxf4 Rxf4 39. Bh7+ Kh8 40. Be4
Qe3 41. Bg2 Qxe5 42. Rh3 Bd5 43. Rg3 Bxg2+ 44. Rxg2 Qxh5+ 45. Kg1 Rg4 46. Qf1
Rxg2+ 47. Kxg2 Qg4+ 48. Kh2 Qc8 49. Qf7 c4 0-1

[Event "ODEM U25A 2012"]
[Site "Oberhof GER"]
[Date "2012.06.01"]
[Round "8"]
[White "Bleecke, Sebastian"]
[Black "Myagkov, Kirill"]
[Result "0-1"]
[Termination "normal"]
[Board "20"]
[WhiteElo "1595"]
[BlackElo "1861"]
[PlyCount "51"]
[WhiteFideId "12941131"]
[BlackFideId "24657042"]
[EventCountry "GER"]
[EventRounds "9"]
[EventType "swiss"]
[EventDate "2012.05.26"]

1. e4 e5 2. Nf3 Nc6 3. Bb5 Bc5 4. O-O d6 5. h3 Nge7 6. c3 a6 7. Ba4 b5 8. Bc2
O-O 9. d4 Bb6 10. a4 Bb7 11. Bg5 h6 12. Bh4 Qe8 13. Re1 f5 14. Bxe7 Nxe7 15.
dxe5 dxe5 16. Qe2 fxe4 17. Bxe4 Bxe4 18. Qxe4 Qg6 19. Nbd2 Rad8 20. Re2 Qxe4
21. Nxe4 Ng6 22. Ned2 Nf4 23. Rxe5 Nd3 24. Re2 Nxf2 25. Rxf2 Bxf2+ 26. Kxf2 0-1

[Event "ODEM U25A 2012"]
[Site "Oberhof GER"]
[Date "2012.06.01"]
[Round "8"]
[White "Schirra, Felix"]
[Black "Bosse, Lea"]
[Result "1/2-1/2"]
[Termination "normal"]
[Board "21"]
[WhiteElo "1636"]
[BlackElo "1631"]
[PlyCount "85"]
[WhiteFideId "24692662"]
[BlackFideId "12900419"]
[EventCountry "GER"]
[EventRounds "9"]
[EventType "swiss"]
[EventDate "2012.05.26"]

1. e4 e6 2. d4 d5 3. Nd2 dxe4 4. Nxe4 Bd7 5. Bd3 Bc6 6. Nf3 Nd7 7. c3 Ngf6 8.
Qc2 Nxe4 9. Bxe4 Bxe4 10. Qxe4 c6 11. O-O Nf6 12. Qe2 Qc7 13. g3 c5 14. Qb5+
Qd7 15. Qxd7+ Nxd7 16. Bf4 cxd4 17. cxd4 Nb6 18. Ne5 Nd5 19. Nd3 Nxf4 20. Nxf4
Bd6 21. Ne2 Rc8 22. Rac1 O-O 23. f4 Bb4 24. Rfd1 Rfd8 25. Kf2 Ba5 26. Ke3 Kf8
27. Rxc8 Rxc8 28. Rc1 Rxc1 29. Nxc1 Ke7 30. a3 Kd6 31. b4 Bc7 32. Ne2 Kd5 33.
Kd3 b5 34. Nc3+ Kc6 35. Ke4 a5 36. d5+ exd5+ 37. Nxd5 axb4 38. axb4 Bd6 39. g4
g6 40. g5 Bf8 41. h4 h6 42. gxh6 Bxh6 43. Ne3 1/2-1/2

[Event "ODEM U25A 2012"]
[Site "Oberhof GER"]
[Date "2012.06.01"]
[Round "8"]
[White "Becker, Dirk"]
[Black "Vergin, Marcel"]
[Result "1/2-1/2"]
[Termination "normal"]
[Board "22"]
[WhiteElo "1720"]
[BlackElo "1565"]
[PlyCount "63"]
[WhiteFideId "12938564"]
[EventCountry "GER"]
[EventRounds "9"]
[EventType "swiss"]
[EventDate "2012.05.26"]

1. e4 c5 2. Nf3 Nc6 3. d4 cxd4 4. Nxd4 g6 5. c4 Bg7 6. Be3 Nf6 7. Nc3 Ng4 8.
Qxg4 Nxd4 9. Qd1 Ne6 10. Qd2 Qa5 11. Be2 Nc5 12. Bxc5 Qxc5 13. O-O O-O 14. Rac1
e6 15. Rfd1 Rd8 16. a3 a6 17. b4 Qe7 18. Na4 Qh4 19. Qd3 Qe7 20. Nb6 Rb8 21. c5
Be5 22. Nc4 Bc7 23. Qd4 e5 24. Qd2 b6 25. Ne3 Bb7 26. Nd5 Bxd5 27. Qxd5 b5 28.
Bg4 d6 29. c6 Kh8 30. Rc3 Rf8 31. Rf3 Qg5 32. Rg3 1/2-1/2

[Event "ODEM U25A 2012"]
[Site "Oberhof GER"]
[Date "2012.06.01"]
[Round "8"]
[White "Martin, Raphael"]
[Black "Häusler, Yannick"]
[Result "1/2-1/2"]
[Termination "normal"]
[Board "23"]
[WhiteElo "1511"]
[BlackElo "1900"]
[PlyCount "53"]
[WhiteFideId "12952036"]
[BlackFideId "12935891"]
[EventCountry "GER"]
[EventRounds "9"]
[EventType "swiss"]
[EventDate "2012.05.26"]

1. e4 c5 2. Nf3 d6 3. d4 cxd4 4. Nxd4 Nf6 5. f3 a6 6. Nc3 b5 7. Be3 Bb7 8. Qd2
e6 9. Bd3 Nbd7 10. g4 Nb6 11. Qg2 d5 12. O-O dxe4 13. Nxe4 Nxe4 14. fxe4 Bd6
15. Nxb5 O-O 16. Nxd6 Qxd6 17. Qe2 Nd7 18. Rad1 Qe7 19. Bf2 Ne5 20. Bg3 Nxd3
21. cxd3 Rfd8 22. Rc1 Rac8 23. Qe3 Qd7 24. Rfd1 Rxc1 25. Qxc1 Rc8 26. Qd2 e5
27. h3 1/2-1/2

[Event "ODEM U25A 2012"]
[Site "Oberhof GER"]
[Date "2012.06.01"]
[Round "8"]
[White "Thumm, Felix"]
[Black "Ospina Ocampo, Camilo"]
[Result "0-1"]
[Termination "normal"]
[Board "24"]
[WhiteElo "1738"]
[BlackElo "1972"]
[PlyCount "48"]
[WhiteFideId "12902209"]
[BlackFideId "12907030"]
[EventCountry "GER"]
[EventRounds "9"]
[EventType "swiss"]
[EventDate "2012.05.26"]

1. d4 Nf6 2. Nf3 d5 3. e3 c5 4. c3 e6 5. Bd3 Nc6 6. a3 Bd6 7. Nbd2 cxd4 8. cxd4
O-O 9. b3 e5 10. dxe5 Nxe5 11. Bc2 Bg4 12. Bb2 Rc8 13. Rc1 Qe7 14. a4 Nxf3+ 15.
gxf3 Be6 16. Bd4 a6 17. Rb1 Rc6 18. Bd3 Rfc8 19. Ke2 Bh3 20. Qg1 Nh5 21. Kd1
Ba3 22. Bf1 Rc1+ 23. Rxc1 Rxc1+ 24. Ke2 Nf4# 0-1

[Event "ODEM U25A 2012"]
[Site "Oberhof GER"]
[Date "2012.06.01"]
[Round "8"]
[White "Dietrich, Franz"]
[Black "Wachinger, David"]
[Result "1/2-1/2"]
[Termination "normal"]
[Board "25"]
[WhiteElo "1571"]
[BlackElo "1699"]
[PlyCount "42"]
[WhiteFideId "1270312"]
[BlackFideId "24692689"]
[EventCountry "GER"]
[EventRounds "9"]
[EventType "swiss"]
[EventDate "2012.05.26"]

1. e4 c6 2. d4 d5 3. Nc3 dxe4 4. Nxe4 Bf5 5. Ng3 Bg6 6. f4 e6 7. Nf3 Nd7 8. Bd3
Bxd3 9. Qxd3 Qc7 10. Be3 Ngf6 11. c3 Bd6 12. Ne5 Nd5 13. Ne4 Nxe3 14. Qxe3 Nxe5
15. Nxd6+ Qxd6 16. Qxe5 Qxe5+ 17. dxe5 O-O-O 18. Rd1 Rd5 19. Ke2 Rhd8 20. Rxd5
cxd5 21. Rc1 b5 1/2-1/2

[Event "ODEM U25A 2012"]
[Site "Oberhof GER"]
[Date "2012.06.01"]
[Round "8"]
[White "Kitze, Lukas"]
[Black "Wastian, Jan"]
[Result "1/2-1/2"]
[Termination "normal"]
[Board "26"]
[WhiteElo "1513"]
[BlackElo "1627"]
[PlyCount "47"]
[WhiteFideId "12932159"]
[BlackFideId "12911640"]
[EventCountry "GER"]
[EventRounds "9"]
[EventType "swiss"]
[EventDate "2012.05.26"]

1. e4 c6 2. d4 d5 3. exd5 cxd5 4. c4 Nf6 5. Nc3 e6 6. Nf3 Bb4 7. Bd2 Nc6 8.
cxd5 Nxd5 9. Bd3 Nf6 10. Ne2 O-O 11. O-O Bxd2 12. Qxd2 b6 13. Rac1 Bb7 14. Ne5
Qd6 15. Nxc6 Bxc6 16. Bc2 Rfd8 17. Rfd1 Rac8 18. a3 Be4 19. Ng3 Bxc2 20. Rxc2
Rxc2 21. Qxc2 Qd7 22. Ne4 Nxe4 23. Qxe4 Rc8 24. h3 1/2-1/2

[Event "ODEM U25A 2012"]
[Site "Oberhof GER"]
[Date "2012.06.01"]
[Round "8"]
[White "Hartmann, Jakob"]
[Black "Mann, Jonas"]
[Result "0-1"]
[Termination "normal"]
[Board "27"]
[WhiteElo "1710"]
[BlackElo "1541"]
[PlyCount "78"]
[WhiteFideId "12918067"]
[BlackFideId "12900214"]
[EventCountry "GER"]
[EventRounds "9"]
[EventType "swiss"]
[EventDate "2012.05.26"]

1. e4 c5 2. Nf3 d6 3. d4 cxd4 4. Nxd4 Nf6 5. Nc3 a6 6. Be3 e5 7. Nf3 Be7 8. h3
O-O 9. Qd2 Nc6 10. Bd3 Be6 11. O-O-O Qa5 12. a3 b5 13. g4 b4 14. Nb1 d5 15. Ng5
d4 16. Nxe6 dxe3 17. fxe3 fxe6 18. g5 Nd7 19. Bc4 Nc5 20. g6 h6 21. Qg2 Bg5 22.
Rhe1 bxa3 23. Nxa3 Rad8 24. Qg4 Rde8 25. h4 Bf6 26. Rf1 Qc7 27. Rf3 Na5 28. Ba2
Qb6 29. Rdf1 Na4 30. b3 Nc3 31. Kb2 Nxa2 32. Kxa2 Rc8 33. Qh5 Rxc2+ 34. Nxc2
Qxb3+ 35. Ka1 Qxc2 36. Rb1 Qa4+ 37. Kb2 Qb3+ 38. Kc1 Rc8+ 39. Kd2 Rc2+ 0-1